|
|
|
|
| LEADER |
03453nam a22003973i 4500 |
| 001 |
EBC7100898 |
| 003 |
MiAaPQ |
| 005 |
20240729202203.0 |
| 006 |
m o d | |
| 007 |
cr cnu|||||||| |
| 008 |
240729s1972 xx o ||||0 ger d |
| 020 |
|
|
|a 9783428427581
|q (electronic bk.)
|
| 020 |
|
|
|z 9783428027583
|
| 035 |
|
|
|a (MiAaPQ)EBC7100898
|
| 035 |
|
|
|a (Au-PeEL)EBL7100898
|
| 035 |
|
|
|a (OCoLC)1347029816
|
| 040 |
|
|
|a MiAaPQ
|b eng
|e rda
|e pn
|c MiAaPQ
|d MiAaPQ
|
| 100 |
1 |
|
|a Fischer, Jürgen.
|
| 245 |
1 |
0 |
|a Branchenstruktur und Wachstumsaussichten in Hessen.
|
| 250 |
|
|
|a 1st ed.
|
| 264 |
|
1 |
|a Berlin :
|b Duncker & Humblot,
|c 1972.
|
| 264 |
|
4 |
|c {copy}1972.
|
| 300 |
|
|
|a 1 online resource (103 pages)
|
| 336 |
|
|
|a text
|b txt
|2 rdacontent
|
| 337 |
|
|
|a computer
|b c
|2 rdamedia
|
| 338 |
|
|
|a online resource
|b cr
|2 rdacarrier
|
| 490 |
1 |
|
|a Schriften des Rheinisch-Westfälischen Instituts Für Wirtschaftsforschung Series
|
| 505 |
0 |
|
|a Intro -- Vorwort -- Inhalt -- Tabellenverzeichnis -- Erstes Kapitel: Einleitung -- 1. Problemstellung -- 2. Gründe für die Änderung des Arbeitskräftebedarfs -- a) Nachfrage - Nachfragestruktur -- b) Technischer Fortschritt - Rationalisierung - Automation -- c) Änderung der Arbeitszeit -- 3. Untersuchungsmethode -- a) Die Vorausschätzung der Branchenproduktion -- b) Die Vorausschätzung des Arbeitsaufwandes je Produktionseinheit -- Zweites Kapitel: Analyse und Prognose der Produktivität und des Arbeitskräftebedarfs in der gesamten Wirtschaft des Landes Hessen -- 1. Empirische Grundlagen -- 2. Die Produktivität und der Arbeitskräftebedarf in den großen Wirtschaftsbereichen -- a) Landwirtschaft -- b) Warenproduzierendes Gewerbe -- c) Handel und Verkehr -- d) Dienstleistungen -- 3. Die Produktivität und der Arbeitskräftebedarf in der gesamten Wirtschaft des Landes Hessen -- Drittes Kapitel: Analyse und Prognose des Arbeitskοeffizienten und des Arbeitskräftebedarfs in der Industrie des Landes Hessen -- 1. Strukturmerkmale der hessischen Industrie -- 2. Der Arbeitskräftebedarf ausgewählter Industriezweige -- a) Chemische Industrie -- b) Elektrotechnische Industrie -- c) Maschinenbau -- d) Straßenfahrzeugbau -- e) Nahrungs- und Genußmittelindustrien -- f) ESBM-Industrie -- g) Gummi- und Asbestverarbeitung -- h) Steine und Erden -- i) Druckerei- und Vervielfältigungsindustrie -- j) Kunststoffverarbeitende Industrie -- k) Feinmechanik und Optik -- l) Textilindustrie -- m) Bekleidungsindustrie -- n) Lederindustrie -- 3. Die Entwicklung der gesamten Industrie -- Viertes Kapitel: Gesamtbilanz des Arbeitskräftebedarfs im Lande Hessen bis zum Jahre 1975 -- Literaturverzeichnis -- Tabellenanhang -- Inhalt des Tabellenanhanges.
|
| 588 |
|
|
|a Description based on publisher supplied metadata and other sources.
|
| 590 |
|
|
|a Electronic reproduction. Ann Arbor, Michigan : ProQuest Ebook Central, 2024. Available via World Wide Web. Access may be limited to ProQuest Ebook Central affiliated libraries.
|
| 655 |
|
4 |
|a Electronic books.
|
| 700 |
1 |
|
|a Thoben, Christa.
|
| 776 |
0 |
8 |
|i Print version:
|a Fischer, Jürgen
|t Branchenstruktur und Wachstumsaussichten in Hessen
|d Berlin : Duncker & Humblot,c1972
|z 9783428027583
|
| 797 |
2 |
|
|a ProQuest (Firm)
|
| 830 |
|
0 |
|a Schriften des Rheinisch-Westfälischen Instituts Für Wirtschaftsforschung Series
|
| 856 |
4 |
0 |
|u https://ebookcentral.proquest.com/lib/matrademy/detail.action?docID=7100898
|z Click to View
|